000 00244nam a2200097Ia 4500
001 683829
005 20250826161446.0
008 250824s9999 xx 000 0 und d
245 0 _aİVAN İLYİÇİN ÖLÜMÜ
_cTOLSTOY
260 _bANONİM YAYINLARI
999 _c683829
_d683829